The handbook of computational linguistics and natural language processing / (رقم التسجيلة. 32410)
[ عرض عادي ]
| 000 -الفاتح | |
|---|---|
| حقل البيانات ثابتة الطول | 02714cam a2200385 a 4500 |
| 001 - رقم الضبط | |
| رقم الضبط | 16069105 |
| 003 - محدد رقم الضبط | |
| رقم الضبط | OSt |
| 005 - وقت وتاريخ اخر تعامل مع التسجيلة | |
| رقم الضبط | 20150408114155.0 |
| 008 - عناصر البيانات ثابتة الطول - معلومات عامة | |
| حقل البيانات ثابتة الطول | 100126s2010 enka b 001 0 eng |
| 010 ## - رقم ضبط مكتبة الكونجرس | |
| رقم ضبط مكتبة الكونجرس | 2010003116 |
| 015 ## - رقم الببليوجرافية الوطنية | |
| رقم الببليوجرافية الوطنية | GBB037279 |
| المصدر | bnb |
| 016 7# - رقم ضبط الوكاله الوطنية للضبط الببليوجرافي | |
| رقم ضبط التسجيلة | 015505586 |
| المصدر | Uk |
| 020 ## - الرقم الدولى المعيارى للكتب | |
| الرقم الدولى المعيارى للكتاب | 9781405155816 (hardcover : alk. paper) |
| 020 ## - الرقم الدولى المعيارى للكتب | |
| الرقم الدولى المعيارى للكتاب | 1405155817 (hardcover : alk. paper) |
| 020 ## - الرقم الدولى المعيارى للكتب | |
| الرقم الدولى المعيارى للكتاب | 9781118347188 (pbk.) |
| 035 ## - رقم ضبط النظام | |
| رقم ضبط النظام | (OCoLC)ocn500823419 |
| 040 ## - مصدر الفهرسة | |
| وكالة الفهرسة الأصلية | DLC |
| وكالة النسخ | DLC |
| وكالة التعديل | BTCTA |
| -- | YDXCP |
| -- | ERASA |
| -- | CDX |
| -- | C#P |
| -- | UKM |
| -- | BWX |
| -- | DLC |
| 050 00 - رقم طلب مكتبة الكونجرس | |
| رقم التصنيف | P98 |
| رقم المادة | .H346 2010 |
| 082 00 - رقم تصنيف ديوى العشرى | |
| رقم التصنيف | 410.285 |
| رقم الطبعة | 22 |
| رقم المادة | HAC |
| 245 04 - بيان العنوان | |
| العنوان | The handbook of computational linguistics and natural language processing / |
| بيان المسئوليه,etc | edited by Alexander Clark, Chris Fox, and Shalom Lappin. |
| 260 ## - PUBLICATION, DISTRIBUTION, ETC. (IMPRINT) | |
| مكان الناشر او الموزع | Chichester, West Sussex ; |
| -- | Malden, MA : |
| اسم الناشر او الموزع | Wiley-Blackwell, |
| تاريخ النشر أو التوزيع | 2010. |
| 300 ## - الوصف المادى | |
| التعداد | xxii, 775 p. : |
| تفاصيل ماديه اخرى للوعاء | ill. ; |
| أبعاد الوعاء | 26 cm. |
| 490 1# - بيان السلسلة | |
| عنوان السلسلة | Blackwell handbooks in linguistics |
| 504 ## - تبصرة ببليوجرافية | |
| تبصرة ببليوجرافية,الخ | Includes bibliographical references and index. |
| 505 0# - تبصرة محتويات-الفهرس | |
| تبصرة المحتويات المصاغة | Formal foundations. Formal language theory / Shuly Wintner -- Computational complexity in natural language / Ian Pratt-Hartmann -- Statistical language modeling / Ciprian Chelba -- Theory of parsing / Mark-Jan Nederhof and Giorgio Satta -- Current methods. Maximum entropy models / Robert Malouf -- Memory-based learning / Walter Daelemans and Antal van den Bosch -- Decision trees / Helmut Schmid -- Unsupervised learning and grammar induction / Alexander Clark and Shalom Lappin -- Artificial neural networks / James B. Henderson -- Linguistic annotation / Martha Palmer and Nianwen Xue -- Evaluation of NLP systems / Philip Resnik and Jimmy Lin -- Domains of application. Speech recognition / Steve Renals and Thomas Hain -- Statistical parsing / Stephen Clark -- Segmentation and morphology / John A. Goldsmith -- Computational semantics / Chris Fox -- Computational models of dialogue / Jonathan Ginzburg and Raquel Fern�andez -- Computational psycholinguistics / Matthew W. Crocker -- Applications. Information extraction / Ralph Grishman -- Machine translation / Andy Way -- 20. Natural language generation / Ehud Reiter -- Discourse processing / Ruslan Mitkov -- Question answering / Bonnie Webber and Nick Webb. |
| 650 #0 - المدخل الاضافى بالموضوع-مصطلح موضوعى | |
| مصطلح موضوعي أو اسم جغرافي كعنصر مدخل | Computational linguistics. |
| 9 (RLIN) | 3419 |
| 650 #0 - المدخل الاضافى بالموضوع-مصطلح موضوعى | |
| مصطلح موضوعي أو اسم جغرافي كعنصر مدخل | Natural language processing (Computer science) |
| 9 (RLIN) | 40479 |
| 700 1# - المدخل الاضافى - اسم شخصى | |
| الإسم الشخصى | Clark, Alexander |
| الشكل الأكمل للاسم | (Alexander Simon) |
| 9 (RLIN) | 40628 |
| 700 1# - المدخل الاضافى - اسم شخصى | |
| الإسم الشخصى | Fox, Chris, |
| التواريخ المصاحبة للاسم | 1965- |
| 9 (RLIN) | 40629 |
| 700 1# - المدخل الاضافى - اسم شخصى | |
| الإسم الشخصى | Lappin, Shalom. |
| 9 (RLIN) | 40630 |
| 830 #0 - المدخل الاضافى بالسلسلة -عنوان موحد | |
| عنوان موحد | Blackwell handbooks in linguistics. |
| 9 (RLIN) | 40631 |
| 906 ## - عنصر بيانات محلى F, LDF (RLIN) | |
| a | 7 |
| b | cbc |
| c | orignew |
| d | 1 |
| e | ecip |
| f | 20 |
| g | y-gencatlg |
| 942 ## - عناصر المدخل الإضافي( كوها) | |
| مصدر التصنيف او مخطط الترفيف | Dewey Decimal Classification |
| Koha [default] item type | DVD |
| حالة الفقد | نموذج السعر الفعال | حالة تلف | ليس للاعارة | رقم الطلب | تاريخ الاكتساب | الموقع الحالي | الفرع الرئيسي | Date last seen | نوع المادة فى نظام كوها | مصدر التصنيف او خطة الترفيف | Total Checkouts |
|---|---|---|---|---|---|---|---|---|---|---|---|
| 2013-11-18 | 410.285 HAC | 2013-11-18 | المكتبة المركزية بالمجمعة (CL) | المكتبة المركزية بالمجمعة (CL) | 2013-11-18 | كتاب | Dewey Decimal Classification |
